[Event "Luxembourg-ch"]
[Site "Luxembourg"]
[Date "1999.04.10"]
[Round "8"]
[White "Degano, Steve"]
[Black "Donini, Carlo"]
[Result "0-1"]
[WhiteElo "1269"]
[BlackElo "1502"]
[PlyCount "63"]
[EventDate "1999.04.03"]
[EventType "swiss"]
[EventRounds "9"]
[EventCountry "LUX"]
[SourceTitle "EXT 2005"]
[Source "ChessBase"]
[SourceDate "2004.11.15"]
[SourceVersion "1"]
[SourceVersionDate "2004.11.15"]
[SourceQuality "1"]

1. d4 d5 2. Nc3 Nc6 3. e3 Bf5 4. a3 Nf6 5. Nf3 Ne4 6. Qe2 a6 7. Bd2 Bg4 8. h3 Nxc3 9. Bxc3 Bd7 10. Ng5 e6 11. Nf3 Be7 12. Qd1 0-0 13. Ne5 Nxe5 14. dxe5 Bc5 15. Qe2 Bb5 16. Qd2 Bxf1 17. Rxf1 Qg5 18. f4 Qh4+ 19. Qf2 Qe7 20. 0-0-0 Bxa3 21. bxa3 Qxa3+ 22. Bb2 Qa4 23. Rd4 Qb5 24. Bc3 c5 25. Rdd1 Qc6 26. Qg3 b6 27. h4 d4 28. Bd2 Qa4 29. h5 h6 30. Qf3 c4 31. c3 Rab8 32. cxd4 0-1

[Event "Luxembourg-ch"]
[Site "Luxembourg"]
[Date "1999.04.08"]
[Round "6"]
[White "Degano, Steve"]
[Black "Diderich, Johny"]
[Result "1/2-1/2"]
[WhiteElo "1269"]
[BlackElo "1529"]
[PlyCount "143"]
[EventDate "1999.04.03"]
[EventType "swiss"]
[EventRounds "9"]
[EventCountry "LUX"]
[SourceTitle "EXT 2005"]
[Source "ChessBase"]
[SourceDate "2004.11.15"]
[SourceVersion "1"]
[SourceVersionDate "2004.11.15"]
[SourceQuality "1"]

1. e4 e5 2. Nf3 Nf6 3. d3 Nc6 4. Nc3 Bc5 5. Bg5 0-0 6. g3 h6 7. Bxf6 Qxf6 8. Nd5 Qd8 9. Bg2 Nb8 10. Nxe5 Re8 11. Nf3 c6 12. Nc3 d5 13. 0-0 Bg4 14. exd5 cxd5 15. Re1 Rxe1+ 16. Qxe1 Nc6 17. Nd2 d4 18. Nd5 Qd7 19. Nb3 Bf8 20. c3 Re8 21. Qd2 Re2 22. Qd1 dxc3 23. bxc3 Rxa2 24. Qc1 Rxa1 25. Qxa1 Be6 26. c4 Bxd5 27. cxd5 Nb4 28. Qxa7 Nxd5 29. Nc5 Bxc5 30. Qxc5 Nf6 31. d4 Ne8 32. Qe5 Nd6 33. Be4 b5 34. Qd5 Kf8 35. Qc6 Ke7 36. Qc5 Kd8 37. Bc6 Qc7 38. Qd5 b4 39. Ba4 Ke7 40. Qe5+ Kf8 41. Qc5 Qxc5 42. dxc5 Nc8 43. Kf1 Ke7 44. Ke1 Ke6 45. Kd1 Kd5 46. c6 Kd6 47. Kc2 Nb6 48. c7 Kxc7 49. Be8 f6 50. Bg6 Kd6 51. Kb3 Kc5 52. f4 Nd5 53. Be4 Ne7 54. h4 g6 55. g4 Kd4 56. Bg2 Ke3 57. g5 hxg5 58. fxg5 f5 59. Kxb4 f4 60. Kc5 f3 61. Bh3 f2 62. Kd6 Nf5+ 63. Ke6 Nxh4 64. Kf6 Kf4 65. Bf1 Nf3 66. Kxg6 Nxg5 67. Kf6 Ne4+ 68. Ke6 Kg3 69. Ke5 Nd2 70. Ba6 Nf3+ 71. Ke4 Kg2 72. Ke3 1/2-1/2

[Event "Luxembourg-ch"]
[Site "Luxembourg"]
[Date "1999.04.04"]
[Round "2"]
[White "Felix, Paulo"]
[Black "Degano, Steve"]
[Result "1-0"]
[WhiteElo "1639"]
[BlackElo "1269"]
[PlyCount "53"]
[EventDate "1999.04.03"]
[EventType "swiss"]
[EventRounds "9"]
[EventCountry "LUX"]
[SourceTitle "EXT 2005"]
[Source "ChessBase"]
[SourceDate "2004.11.15"]
[SourceVersion "1"]
[SourceVersionDate "2004.11.15"]
[SourceQuality "1"]

1. e4 e5 2. Nf3 Nc6 3. Bb5 d5 4. 0-0 dxe4 5. Nxe5 Qd5 6. Bxc6+ bxc6 7. d4 Bd6 8. Nc3 Qe6 9. Nxe4 Bxe5 10. dxe5 Qxe5 11. Re1 Ne7 12. Bg5 0-0 13. Nf6+ gxf6 14. Rxe5 fxe5 15. Bxe7 Re8 16. h3 Rxe7 17. Qd8+ Kg7 18. Qxe7 Be6 19. Qxc7 a6 20. Qxc6 Rc8 21. Qe4 Kf6 22. Re1 Rc5 23. h4 Bf5 24. Qe3 Rxc2 25. Qxe5+ Kg6 26. Qg3+ Kh5 27. Qg5# 1-0